000 01175cam a2200301 a 4500
999 _c25444
_d25444
001 2579620
003 BDDh-ASL
005 20231015030504.0
008 961227s1997 enk b 000 0 eng
010 _a 96024111
020 _a0198781164 (alk. paper)
020 _a0198781172 (pbk. : alk. paper)
040 _aDLC
_cDLC
_dDLC
_dBDDh-ASL
050 0 0 _aHM24
_b.C698 1997
082 0 0 _a301.01
_221
_bCRC
100 1 _aCraib, Ian,
_d1945-
245 1 0 _aClassical social theory /
_cIan Craib.
260 _aOxford ;
_aNew York :
_bOxford University Press,
_c1997.
300 _axxiv, 297 p. :
_c24 cm.
504 _aIncludes bibliographical references (p. [283]-291) and index.
650 0 _aSociology
_xPhilosophy.
650 0 _aSocial sciences
_xPhilosophy.
856 4 2 _3Publisher description
_uhttp://www.loc.gov/catdir/enhancements/fy0605/96024111-d.html
856 4 2 _3Contributor biographical information
_uhttp://www.loc.gov/catdir/enhancements/fy0725/96024111-b.html
906 _a7
_bcbc
_corignew
_d1
_eocip
_f19
_gy-gencatlg
942 _2ddc
_cBK